Family Tree - Ethel Cain - Statistics

General Stats
  • This quiz has been taken 100 times
  • The average score is 212 of 242
Answer Stats
Answer % Correct
a
100%
I
98%
me
98%
my
98%
My
98%
all
97%
All
97%
body
97%
crosses
97%
of
97%
over
97%
the
97%
These
97%
these
97%
to
97%
be
95%
I'm
95%
no
95%
Remind
95%
river
95%
So
95%
take
95%
Take
95%
used
95%
who
95%
And
93%
and
93%
bathe
93%
down
93%
him
93%
clean
92%
on
92%
white
92%
you
92%
back"
90%
back
90%
but
90%
horse
90%
Put
90%
better
88%
than
88%
that
88%
then
88%
your
88%
I've
87%
not
87%
off
87%
out
87%
violence
87%
wash
87%
woman
87%
bones
85%
raised
85%
way
85%
chapel
83%
child
83%
just
83%
make
83%
mama
83%
about
82%
above
82%
been
82%
don't
82%
Let
82%
let
82%
myself
82%
When
82%
before
80%
daddy
80%
forgive
80%
Give
80%
hiding
80%
I'll
80%
kill
80%
killed
80%
leave
80%
ride
80%
again
78%
offering
78%
preacher
78%
up
78%
look
77%
run
77%
his
75%
first
73%
said
73%
Christ
72%
man
72%
"Shoot
72%
demands
70%
Hell
70%
scare
70%
in
68%
like
68%
silence
68%
They
68%
around
67%
baby
67%
talks
67%
times
67%
fury
65%
it
65%
Oh
65%
say
65%
"Heaven
63%
noose
63%
hand
62%
hath
60%
wrap
60%
scorned"
58%
tight
57%
yeah
57%
Yeah
57%
No matching quizzes found
Score Distribution
Percent of People with Each Score
Percentile by Number Answered
Your Score History
You have not taken this quiz